000
00232nam a2200109Ia 4500
008
190216s9999||||xx |||||||||||||| ||und||
100
_a
Yogaraj Thavi
245
0
_a
Hindi-Hariiyana
260
_b
Null
650
_a
Hindi
942
_c
BK
999
_c
15332
_d
15332